00481nam a2200157Ia 45000010006000000050017000060080041000230410008000640820014000721000039000862450145001252600009002703000028002796500008003076540008003151970020260306172712.0260306t2017||||xx |||||||||||||| ||spa|| aESP a341bG23A aGarcía-Huidobro, Joaquín,eAUT 0aLa recepción de la doctrina aristotélica de lo justo natural y lo justo legal en los comentaristas medievales de la ética a Nicómaco c2017 a214 páginas :c23 cm. aGEN aCDE